000 00688nam a22001577a 4500
005 2012021600430.0
020 _a8120319001
_c495.00
035 _aB-61313
037 _aDPL
_bENG
100 _aMullin,E
_942429
245 _aInside the Adobe Photoshop6 Studio/
_cby Eileen Mullin
260 _aNew Delhi
_bPrentice Hall of India
_c2000
300 _a xxxi,608p.
_c23 cms.
942 _2ddc
_cEN
_h005.369
_mMUL
999 _c63085
_d63085